00861 2200313 4500001002100000005001500021035002000036007000300056040001600059100002900075245007000104250001300174300003400187020002200221041000800243082001000251084001600261090002000277260003500297650001400332650002100346850001000367008004100377264003300418336002100451337003000472338002300502990002200525INLIS00000000000435520260527124355 a0010-1121000122ta aSPBUPDbind0 aRusto Wibowo,ePengarang1 aErlangga Fokus UN SD/MI 2012 :bBahasa Indonesia /cRusto Wibowo, a--Cet--1 avi, 166 hlm. :bIlus ;c25 cm a978-979-099-387-70 aind a372.3 a372.3 RUS e b641.3 AHI a 4-53 aKlaten :bCempaka Putih,c2016 4aPelajaran 4aBahasa Indonesia aPUPAD260527 0  a--Jakarta :bErlangga,c2011 2rdacontentaTeks 2rdamediaaTanpa Perantara 2rdacarrieravolume a35.152/S/DPK/2021